<?xml version="1.0" encoding="UTF-8"?>
<collection xmlns="http://www.loc.gov/MARC21/slim">
 <record>
  <leader>01872nam a2200229Ia 4500</leader>
  <controlfield tag="001">CTU_166890</controlfield>
  <controlfield tag="008">210402s9999    xx            000 0 und d</controlfield>
  <datafield tag="020" ind1=" " ind2=" ">
   <subfield code="c">49.45</subfield>
  </datafield>
  <datafield tag="082" ind1=" " ind2=" ">
   <subfield code="a">262.109015</subfield>
  </datafield>
  <datafield tag="082" ind1=" " ind2=" ">
   <subfield code="b">B973</subfield>
  </datafield>
  <datafield tag="100" ind1=" " ind2=" ">
   <subfield code="a">Burtchaell, James Tunstead</subfield>
  </datafield>
  <datafield tag="245" ind1=" " ind2="0">
   <subfield code="a">From synagogue to church :</subfield>
  </datafield>
  <datafield tag="245" ind1=" " ind2="0">
   <subfield code="b">Public services and offices in the earliest Christian communities</subfield>
  </datafield>
  <datafield tag="245" ind1=" " ind2="0">
   <subfield code="c">James Tunstead Burtchaell</subfield>
  </datafield>
  <datafield tag="260" ind1=" " ind2=" ">
   <subfield code="a">Cambridge</subfield>
  </datafield>
  <datafield tag="260" ind1=" " ind2=" ">
   <subfield code="b">Cambridge University Press</subfield>
  </datafield>
  <datafield tag="260" ind1=" " ind2=" ">
   <subfield code="c">1992</subfield>
  </datafield>
  <datafield tag="520" ind1=" " ind2=" ">
   <subfield code="a">This important work engages with a long historical debate: were the earliest Christians under the direction of ordained ministers, or under the influence of inspired laypeople? Who was in charge: bishops, elders and deacons, or apostles, prophets and teachers? Rather than trace Church offices backwards, Burtchaell examines the contemporary Jewish communities and finds evidence that Christians simply continued the offices of the synagogue. Thus, he asserts that from the very first they were presided over by officers. The author then advances the provocative view that in the first century it was not the officers who spoke with the most authority. They presided, but did not lead, and deferred to more charismatic laypeople. Burtchaell sees the evidence in favor of the Catholic/Orthodox/Anglican view that bishops have always presided in the Christian Church. At the same time he argues alongside the Prostestants that in its formative era the Church deferred most to the judgment of those who were inspired, yet never ordained.</subfield>
  </datafield>
  <datafield tag="650" ind1=" " ind2=" ">
   <subfield code="a">Synagogues,Giáo đường Do Thái,Church polity,Chính sách nhà thờ</subfield>
  </datafield>
  <datafield tag="650" ind1=" " ind2=" ">
   <subfield code="x">Organization and administration,History,Tổ chức và quản lý,Lịch sử,History,Lịch sử</subfield>
  </datafield>
  <datafield tag="904" ind1=" " ind2=" ">
   <subfield code="i">Be Hai, Trọng Hiếu</subfield>
  </datafield>
  <datafield tag="980" ind1=" " ind2=" ">
   <subfield code="a">Trung tâm Học liệu Trường Đại học Cần Thơ</subfield>
  </datafield>
 </record>
</collection>
